000 00560nam a2200193Ia 4500
005 20250508154258.0
008 008 250505s9999 xx 000 0 eng d
037 _aTextual
040 _aFEDL
_beng
_cFEDL
041 _aeng
_2eng
084 _a371.394 422, MAR
_qFEDL
100 _aMargulies Stuart
_9400290
245 0 _aApplied programed instruction
260 _aNew York, USA
_bJohn Wiley and Sons
_c1962
300 _aix,287p
700 _a Elgen Lewis D
_9765223
942 _cTEXL
_h371.394 422, MAR
999 _c1349327
_d1349327